000 00833nam a2200241Ia 4500
003 OSt
005 20220926020315.0
006 a|||||r|||| 00| 0
007 ta
008 220923b |||||||| |||| 00| 0 eng d
020 _a9781138668041
_c995.00
037 _b8004, 07/03/2017, Efficient Book Distributors
_cGeneral Book
040 _aRTL
_cRTL
_beng
041 _2eng
_aeng
082 _aY9(W).2.P, Q6
100 _aPARANJAPE Makarand R
_927888
245 0 _aCultural politics in modern India
_b Postcolonial prospects, colourful cosmopolitanism, global proximities
260 _aNew York
_bRoutledge
_c2016
300 _axii,301p.
_ccm.
650 _aGeography
942 _hY9(W).2.P, Q6
_cGB
_2CC
999 _c633940
_d633940